| 000 | 00690nam a2200169Ia 4500 | ||
|---|---|---|---|
| 008 | 090711s9999 xx 000 0 und d | ||
| 082 | _b1776 | ||
| 100 | _aबोरुडे रा. र. आणि इतर | ||
| 245 | _aवैकासिक मानसशास्त्र | ||
| 260 |
_bपुणे विद्यार्थी गृह प्रकाशन _c1995 |
||
| 300 | _a374 | ||
| 600 | _aबोरुडे रा. र. आणि इतर | ||
| 630 | _aवैकासिक मानसशास्त्र | ||
| 700 | _aबोरुडे रा. र. आणि इतर | ||
| 730 | _aवैकासिक मानसशास्त्र | ||
| 942 | _cBOOK | ||
| 999 |
_c325471 _d325471 |
||